Normal view MARC view

Entry Personal Name

Number of records used in: 1

001 - CONTROL NUMBER

  • control field: 849069

003 - CONTROL NUMBER IDENTIFIER

  • control field: OSt

005 - DATE AND TIME OF LATEST TRANSACTION

  • control field: 20251021163638.0

008 - FIXED-LENGTH DATA ELEMENTS

  • fixed length control field: 251021|| aca||aabn | a|a d

040 ## - CATALOGING SOURCE

  • Original cataloging agency: OSt
  • Transcribing agency: OSt

100 ## - HEADING--PERSONAL NAME

  • Personal name: तिवारी, परमात्मा स्वरूप

670 ## - SOURCE DATA FOUND

  • Source citation: Work cat.: (OSt)1464933: तिवारी, परमात्मा स्वरूप , ऋग्वेद संहिता , 2015.
Copyright @ Delhi University Library System